Loading...
| Literature - World | 2 | 4 | 1 | 1 | 65 | 59 | 112.67 | 1 | 2 | 12.96 | 29.90 |
| Literature - American | 0 | 5 | 0 | 1 | 50 | 85 | 100.40 | 2 | 4 | 13.29 | 34.71 |
| Literature - European | 0 | 3 | 0 | 0 | 30 | 102 | 130.67 | 0 | 0 | 2.93 | 15.66 |
| History - World | 1 | 1 | 0 | 1 | 25 | 74 | 108.00 | 0 | 1 | 3.87 | 7.82 |
| Fine Arts - Other Arts | 0 | 2 | 0 | 0 | 20 | 131 | 136.00 | 0 | 0 | 1.76 | 6.67 |
| History - American | 1 | 0 | 0 | 0 | 15 | 64 | 64.00 | 0 | 1 | 3.79 | 6.67 |
| Fine Arts - Painting and Sculpture | 0 | 1 | 0 | 1 | 10 | 148 | 148.00 | 0 | 0 | 0.10 | 0.59 |
| Other Academic | 1 | 0 | 1 | 0 | 10 | 92 | 92.00 | 0 | 1 | 6.90 | 15.38 |
| Literature - British | 0 | 1 | 3 | 1 | -5 | 151 | 151.00 | 0 | 0 | -0.05 | 0.51 |